000
00379nam a2200145Ia 4500
041
_a
Arabic
082
_a
210.072 cut-428 ق
100
_a
20260118u\\\\\\\\\\\y0engy0103\\\\ba
100
_a
امال قراحي
245
0
_a
الاسلام الاسيوي
250
_a
ط1
260
_b
دار الطليعة
_a
بيروت - لبنان
_c
2006
300
_a
207
942
_c
Bk
999
_c
190169
_d
190169